00611cam a22002053a 450000100060000000300060000600500170001200800410002904000150007004200070008505000070009210000220009924500980012126000290021950600300024851600200027865300360029883000290033485600420036334848PGUSA20140828083742.0110105s2011||||xxu|||||s|||||000 | eng d aPGUSAbeng adc 4aQH1 aVaughan, Terry A.10aMammals of the San Gabriel Mountains of Californiah[electronic resource] /cTerry A. Vaughan bProject Gutenberg,c2011 aPublic domain in the USA. aElectronic text aMammals -- California, Southern 0aProject Gutenbergv3484840uhttp://www.gutenberg.org/ebooks/34848